00401nam a2200193Ia 4500003000900000008004100009040001300050040001300063041000800076100002200084245002600106250001000132260001200142260000900154300001100163300001000174490001700184490000600201IT-RoPAU120407s9999 xx 000 0 und d aIT-RoPAU cIT-RoPAU afra aAlexandre Ganoczy aCalvin et Vatican II. aParis aDu Cerf c1968 a162 p. c16 cm a 1. Calvino. v1